MARC

LEADER 00000nam0a2200000 4500
001 224375
005 20231101230603.0
010 |a 5256006738 
020 |a RU  |b 90-25040 
035 |a (RuTPU)RU\TPU\book\244680 
090 |a 224375 
100 |a 20121025d1990 m a0rusy5003 ca 
101 0 |a rus 
102 |a RU 
105 |a a j 001zy 
200 1 |a Средства тиражирования документов  |e учебник для техникумов  |f А. В. Алферов, Е. М. Матлин 
210 |a Москва  |c Радио и связь  |d 1990 
215 |a 208 с.  |c ил.  |d 21 см 
606 1 |a Копировально-множительные работы  |x Экономическая эффективность  |2 stltpush  |3 (RuTPU)RU\TPU\subj\15661  |9 41881 
610 1 |a копировально-множительные работы 
610 1 |a механизация 
610 1 |a учебники 
610 1 |a документы 
610 1 |a тиражирование 
610 1 |a оборудование 
610 1 |a фотография 
610 1 |a ротаторы 
675 |a 651.9(075.32)  |z rus  |v 3 
700 1 |a Алферов  |b А. В.  |g Андрей Валентинович  |4 070 
701 1 |a Матлин  |b Е. М.  |g Ефим Михайлович  |4 070 
801 0 |a RU  |b RuMRKP  |c 19950417  |g psbo 
801 1 |a RU  |b 63413507  |c 20121025 
801 2 |a RU  |b 63413507  |c 20170911  |g RCR 
942 |c BK